| 000 | 005030000a22001810004500 | ||
|---|---|---|---|
| 020 | _a84-249-1295-0 | ||
| 041 | 0 | _aSPA | |
| 082 | 0 | 4 | _aG 268.13 A3664p |
| 100 | 1 | _aClemente de Alejandría (150 – ca.213) | |
| 245 | 1 | 0 | _aEl pedagogo / Clemente de Alejandría ; Joan Sariol Díaz, Traductor |
| 260 | _aMadrid, España : Gredos | ||
| 300 | _a353 Pag | ||
| 001 | 7838 | ||
| 942 | _cBK | ||
| 999 |
_c38042 _d38042 |
||
| 336 |
_atexto _btxt _2rdacontent |
||
| 337 |
_2rdamedia _asin mediación _bn |
||
| 338 |
_2rdacarrier _avolumen _bnc |
||